00921nam a22002537a 4500999001300000001000600013003000900019005001700028008004100045020001800086020001500104040003800119082002000157100001900177245004600196260004500242300003200287500002000319650003700339650002800376942001200404952011800416952013300534 c328d32813434BD-DhUAP20200121111907.0200121s2008 ||||| |||| 001 0 eng d a9780070222915 a0070222916 aBD-DhUAPbEngcBD-DhUAPdBD-DhUAP 223a005.133 PRI aPrice, Jason.  aOracle Database 11g SQL / cJason Price.  aNew Delhi : bTata McGraw-Hill, cc2008. axxviii, 656 pages ;c24 cm. aIncludes index. aSQL (Computer program language). aOracle (Computer file). 2ddccBK 00102ddc4070aUAPCLbUAPCLcGeneral Stacksd2020-01-21o005.133 PRIp3010013434r2020-01-21t1w2020-01-21yBK 00102ddc4070aUAPCLbUAPCLcGeneral Stacksd2020-01-21l1o005.133 PRIp3010013479r2025-03-11s2025-03-09t2w2020-01-21yBK